1679 1873 1637 1828 1827 1891 1693 1702 1375 1185 1042 1346 1914 1984 1271 1803 1112 1789 1662 1796 1389 1414 1634 1103 1108 1297 1228 1264 1282 1605 1451 1504 1082 1313 1909 1232 1796 1379 1763 1439 1771 1023 1380 1141 1536 1216 1153 1550 1012 1980 1972 1219 1858 1197 1080 1493 1373 1851 1804 1416 1738 1326 1352 1125 1739 1286 1316 1479 1104 1795 1313 1036 1803 1440 1879 1947 1489 1507 1149 1206 1737 1600 1999 1226 1754 1287 1307 1754 1211 1718 1051 1706 1937 1381 1845 1975 1079 1634 1652 BCNSPRNW ULIB Ver.6.0+V

เปลี่ยนเป็นภาษาไทย

Change to English
 แสดงรายละเอียดบรรณานุกรม
  กลับหน้าหลัก

Brief Record : Get Marc (ISO 2709) : E-mail record : QR code < ปิดหน้าต่าง
LEADER : 00000nam 2200000uu 4500
001    13399111893
003     ULIB
008    110711s2550||||th 000 0 tha d
020    9742264260
050 04 DS589^bก169ท 2550
110 1  กรมทรัพยากรธรณี
245 10 ทรัยพย์ในดินนครสวรรค์ /^cกรมทรัพยากรธรณี
260    กรุงเทพฯ :^bกรมทรัพยากรธรณี,^c2550
300    64 หน้า :^bภาพประกอบ
650  7 นครสวรรค์^xประเพณีและวัฒนธรรม
945    ^p0^l0^i023333
995    ทศพร
999 ^a ใช้งานได้ทุกระบบ
รายการนี้ยังไม่มีแท็ก
คุณยังไม่ได้ล็อกอิน คุณสามารถมีกิจกรรมร่วมกับเว็บไซต์ได้ แต่ต้องล็อกอินก่อน ::
  ล็อกอิน

รายการสื่อสารสนเทศ

ลำดับที่ ประเภท เลขเรียก/บาร์โค้ด สถานที่ สถานะ
- ไม่พบข้อมูล -

BibComment


ยังไม่เคยถูกคอมเมนท์

คอมเมนท์ทรัพยากรรายการนี้
  คอมเมนท์: ทรัยพย์ในดินนครสว..


 Copyright 2026. Bcnsprnw @Library